000 00791nam a2200229 i 4500
001 189963
003 ES-MaACL
005 20250823021532.0
007 t|
008 200226s1968 sp ||||1| spa d
100 1 _aGuzzetti, Giovanni Battista.
_961325
245 1 3 _aEl hombre ante Dios /
_cGiovanni Battista Guzzetti ; [versión por el Dr. Nicolás López Martínez].
260 _aBilbao :
_bMensajero,
_c1968.
300 _a295 p. ;
_c22 cm.
490 1 _aColeccion "Biblioteca Mensajero" ;
_v18
650 7 _aMoral cristiana
_2embne
_9142371
650 0 7 _aTeología
_2embne
_917457
700 1 _aLópez Martínez, Nicolás,
_d1925-2006
_973762
830 0 _aColeccion "Biblioteca Mensajero" ;
_v18
_9193471
852 _aES-MaACL
_jP-1353-4
999 _c189963
_d189963